Parks for life : (Registro nro. 3779)
[ vista simple ]
| 000 -CABECERA | |
|---|---|
| Campo de control | 00769nam a2200217 i 4500 |
| 005 - FECHA Y HORA DE LA ULTIMA TRANSACCION | |
| Campo de control | 20161223095213.0 |
| 008 - ELEMENTOS DE LONGITUD FIJA—INFORMACION GENERAL | |
| Campo de control | 950309s1993 sz 000 0 ger |
| 020 ## - ISBN | |
| ISBN | 2831701627 |
| 040 ## - FUENTE DE CATALOGACIÓN | |
| Agencia catalogadora original | DLC |
| Agencia transcriptora | DLC |
| Agencia Modificadora | CO-BoIAVH |
| 041 ## - IDIOMA | |
| Código de idioma para texto/pista de sonido o título separado | Inglés |
| 044 ## - PAÍS DE PUBLICACIÓN | |
| País de publicación | Suiza |
| 082 04 - NUMERO DE CLASIFICACION DECIMAL DEWEY | |
| Número de clasificación | 333.78316 |
| Número del ítem | P25p |
| 245 00 - MENCION DE TITULO | |
| Título | Parks for life : |
| Parte restante del título | report of the IVth World Congress on National Parks and Protected Areas, 10-21 Feb. 1992 / |
| Mención de responsabilidad | edited by Jeffrey A. McNeely. |
| 260 ## - PUBLICACION, DISTRIBUCION, ETC. (PIE DE IMPRENTA) | |
| Lugar de publicación, distribución, etc. | Gland : |
| Nombre del editor, distribuidor, etc. | IUCN Communications division, |
| Fecha de publicación, distribución, etc. | 1993. |
| 300 ## - DESCRIPCION FISICA | |
| Extensión | 252 p. |
| 650 14 - ASIENTO SECUNDARIO DE MATERIA - TERMINO TEMATICO | |
| Término temático o nombre geográfico como elemento de entrada | Parques naturales |
| Subdivisión general | Conservación |
| 9 (RLIN) | 50448 |
| 650 24 - ASIENTO SECUNDARIO DE MATERIA - TERMINO TEMATICO | |
| Término temático o nombre geográfico como elemento de entrada | Parques nacionales |
| Subdivisión general | Conservación |
| 9 (RLIN) | 50449 |
| 650 24 - ASIENTO SECUNDARIO DE MATERIA - TERMINO TEMATICO | |
| Término temático o nombre geográfico como elemento de entrada | Áreas de conservación de recursos naturales |
| 9 (RLIN) | 50450 |
| 700 1# - ASIENTO SECUNDARIO - NOMBRE PERSONAL | |
| 9 (RLIN) | 89 |
| Nombre personal | McNeely, Jeffrey A. |
| Término de relación | editor. |
| 942 ## - ELEMENTOS ADICIONALES (KOHA) | |
| Sistema de clasificación | Dewey Decimal Classification |
| Tipo de ítem | Libro |
| Withdrawn status | Lost status | Sistema de Clasificación | Damaged status | No para préstamo | Colección | Inventariado | Ubicación Permanente | Ubicación actual | Fecha de adquisición | Fuente de Valor | Valor | Total Checkouts | Número topográfico | Inventario / Código de Barras | Date last seen | Ejemplar | Price effective from | Forma de adquisición | Tipo de material |
|---|---|---|---|---|---|---|---|---|---|---|---|---|---|---|---|---|---|---|---|
| Dewey Decimal Classification | General | Inventariado 2017 | Bogotá | Bogotá | 26/03/2004 | Instituto | 39000.00 | LB-333.78316 P25p | 015578 | 04/12/2012 | Ej. 1 | 04/12/2012 | Libro |